000 01262cam a2200337 a 4500
001 15028881
003 ARRUPE
005 20161017103846.0
008 071001s2008 nyua b 001 0 eng
010 _a 2007040543
015 _aGBA819737
_2bnb
016 7 _a014524512
_2Uk
020 _a9780521887441 (hardback)
020 _a0521887445 (hardback)
035 _a(OCoLC)ocn174134047
035 _a(OCoLC)174134047
040 _aDLC
_cDLC
_dYDX
_dYDXCP
_dBTCTA
_dBAKER
_dUKM
_dBWX
_dDLC
050 0 0 _aBV2290.C56 2008
082 0 0 _a266/.2
_222
100 1 _aClossey, Luke,
_d1975-
_926759
245 1 0 _aSalvation and globalization in the early Jesuit missions /
_cLuke Clossey.
260 _aNew York :
_bCambridge University Press,
_c2008.
300 _axii, 327 p. :
_bill. ;
_c24 cm.
504 _aIncludes bibliographical references (p. 275-309) and index.
610 2 0 _aJesuits
_xMissions.
_926760
650 0 _aSalvation
_xCatholic Church.
_926761
650 0 _aGlobalization
_xReligious aspects
_xCatholic Church.
_925506
906 _a7
_bcbc
_corignew
_d1
_eecip
_f20
_gy-gencatlg
942 _2lcc
_cMONOGRAPH
999 _c125515
_d125515